000 00315nam a22001337a 4500
008 170419b xxu||||| |||| 00| 0 eng d
020 _a9780781752152
041 _aeng
080 _24 E
_a61
100 _a4
101 _aSHM
245 _aCLINICAL EPIDEMIOLOGY THE ESSENTIALS
_cFLETCHER.R.W
942 _2udc
_cBK
999 _c11100
_d11100